000 00858nam a2200253Ia 4500
003 OSt
005 20220930192947.0
006 a|||||r|||| 00| 0
007 ta
008 220926b |||||||| |||| 00| 0 eng d
024 _a10891
037 _cDissertations
040 _aCRL
_cCRL
_beng
041 _2eng
_aeng
100 _aJain Pradeep
_9561811
110 _aUniversity of Delhi. Faculty of Medical Sciences. Department of Medicine
245 0 _aEffect of newer calcium channel blocker on cardiopulmonary haemodynamics in patients of chronic obstructive pulmonary diseases
260 _c1994
650 _aMEDICINE
700 _a Dr R C Bhasin Supervisor
700 _aUniversity of Delhi. Faculty of Medical Sciences. Department of Medicine
942 _cDIS
_2CC
999 _c895881
_d895881